<?xml version="1.0" encoding="UTF-8"?><?xml-stylesheet type="text/xsl" href="static/style.xsl"?><OAI-PMH xmlns="http://www.openarchives.org/OAI/2.0/" xmlns:xsi="http://www.w3.org/2001/XMLSchema-instance" xsi:schemaLocation="http://www.openarchives.org/OAI/2.0/ http://www.openarchives.org/OAI/2.0/OAI-PMH.xsd"><responseDate>2026-06-07T15:51:02Z</responseDate><request verb="GetRecord" identifier="oai:docta.ucm.es:20.500.14352/25376" metadataPrefix="marc">https://docta.ucm.es/rest/oai/request</request><GetRecord><record><header><identifier>oai:docta.ucm.es:20.500.14352/25376</identifier><datestamp>2024-05-09T12:18:43Z</datestamp><setSpec>com_20.500.14352_1</setSpec><setSpec>col_20.500.14352_5</setSpec></header><metadata><record xmlns="http://www.loc.gov/MARC21/slim" xmlns:dcterms="http://purl.org/dc/terms/" xmlns:xsi="http://www.w3.org/2001/XMLSchema-instance" xmlns:doc="http://www.lyncode.com/xoai" xsi:schemaLocation="http://www.loc.gov/MARC21/slim http://www.loc.gov/standards/marcxml/schema/MARC21slim.xsd">
   <leader>00925njm 22002777a 4500</leader>
   <datafield ind2=" " ind1=" " tag="042">
      <subfield code="a">dc</subfield>
   </datafield>
   <datafield ind2=" " ind1=" " tag="720">
      <subfield code="a">Canfrán Arrabe, Susana</subfield>
      <subfield code="e">author</subfield>
   </datafield>
   <datafield ind2=" " ind1=" " tag="720">
      <subfield code="a">Aguado Domínguez, Delia</subfield>
      <subfield code="e">author</subfield>
   </datafield>
   <datafield ind2=" " ind1=" " tag="720">
      <subfield code="a">Cediel Algovia, Rafael</subfield>
      <subfield code="e">author</subfield>
   </datafield>
   <datafield ind2=" " ind1=" " tag="720">
      <subfield code="a">Álvarez Gómez De Segura, Ignacio</subfield>
      <subfield code="e">author</subfield>
   </datafield>
   <datafield ind2=" " ind1=" " tag="720">
      <subfield code="a">Re, Michela Tatiana</subfield>
      <subfield code="e">author</subfield>
   </datafield>
   <datafield ind2=" " ind1=" " tag="260">
      <subfield code="c">2016-01-21</subfield>
   </datafield>
   <datafield ind2=" " ind1=" " tag="520">
      <subfield code="a">Los Graduados en Veterinaria deben haber adquirido a lo largo de su formación una serie de competencias, entre las que cobran especial importancia todas aquellas relacionadas con la práctica clínica. Con el presente proyecto se pretende generar recursos de formación educativos en el ámbito de la docencia del Grado en Veterinaria, facilitando, en concreto, el aprendizaje de la anestesiología práctica. Una forma eficaz de apoyo al aprendizaje es el empleo de medios audiovisuales en los que el alumno pueda observar vídeos, imágenes o esquemas de la técnica a realizar para posteriormente desarrollarla él mismo. En un contexto hospitalario sería muy deseable la posibilidad de acceso directo del alumno a este tipo de material audiovisual de soporte in situ y de forma directa mediante dispositivos electrónicos de uso común (por ejemplo, teléfonos móviles), de forma que tenga acceso al contenido que necesite repasar en cada momento. Para lograr este objetivo, este proyecto propone la incorporación de códigos QR al área hospitalaria de Anestesiología del HCVC. El empleo de códigos QR en el entorno hospitalario permitiría al alumno enlazar de forma rápida a contenidos seleccionados específicamente para apoyar diferentes aspectos de la docencia práctica. Los materiales codificados mediante sistema QR son complementarios a otros métodos docentes, pero la ampliación del conocimiento que puede derivarse de ellos redundará en una mejor comprensión de los conceptos tratados y en un aumento significativo del aprendizaje.</subfield>
   </datafield>
   <datafield ind1="8" ind2=" " tag="024">
      <subfield code="a">https://hdl.handle.net/20.500.14352/25376</subfield>
   </datafield>
   <datafield ind1="8" ind2=" " tag="024">
      <subfield code="a">211</subfield>
   </datafield>
   <datafield ind1="8" ind2=" " tag="024">
      <subfield code="a">https://www.youtube.com/channel/UCkeEsae8KEUmEp--vr7H04w</subfield>
   </datafield>
   <datafield ind2="0" ind1="0" tag="245">
      <subfield code="a">Implementación del uso de códigos QR como apoyo a la docencia clínica de la anestesiología veterinaria.</subfield>
   </datafield>
</record></metadata></record></GetRecord></OAI-PMH>